000 00693nam a2200265 a 4500
003 AR-BaBNM
005 20251128205712.0
008 082120s2002 ||||||||||||||000 | spa||
040 _cAR-BaBNM
100 1 _aGirri, Alberto
245 0 0 _aObra poética
_n1
250 _a1ª ed.
260 _aBuenos Aires
_bEdiciones Corregidor
_c1977
300 _a386 p.
490 0 _aBiblioteca de poesía
_vv. 1171
500 _aContiene referencias bibliográficas en p. 381
650 4 _aLITERATURA ARGENTINA
650 4 _aANTOLOGIAS
650 4 _aPOESIA
650 4 _aLITERATURA CONTEMPORANEA
653 _aINFLUENCIA CLASICA
655 _aLITERATURA
942 _cBK
998 _cMARTIN
999 _c12468
_d12468